[Event "GER-chT U16 Girls"]
[Site "Magdeburg"]
[Date "2023.12.27"]
[Round "1.9"]
[White "Striebeck, Liv"]
[Black "Shrikrishna, Aradhana"]
[Result "1-0"]
[WhiteElo "1175"]
[BlackElo "742"]
[PlyCount "75"]
[EventDate "2023.12.26"]
[EventType "team-swiss"]
[EventRounds "7"]
[EventCountry "GER"]
[SourceTitle "CB03_2024"]
[SourceDate "2024.01.17"]
[SourceVersion "1"]
[SourceVersionDate "2024.01.17"]
[SourceQuality "1"]
[WhiteTeam "Norderstedt"]
[BlackTeam "Freiburg Zaehringen"]
[WhiteTeamCountry "GER"]
[BlackTeamCountry "GER"]

1. e4 e5 2. Nf3 Nc6 3. Nc3 Bc5 4. Bc4 Nf6 5. d3 0-0 6. Be3 d6 7. 0-0 Bxe3 8. fxe3 Bg4 9. h3 Bd7 10. Qe1 Re8 11. Qh4 Rc8 12. Nd5 Nxd5 13. Bxd5 Qxh4 14. Nxh4 Be6 15. a4 Na5 16. b4 Nc6 17. c3 Ne7 18. Bxb7 Rb8 19. Bd5 c6 20. Bxe6 fxe6 21. Rab1 Rf8 22. c4 Ng6 23. Nxg6 hxg6 24. b5 c5 25. a5 Rbd8 26. b6 axb6 27. Rxb6 Rb8 28. Rxf8+ Rxf8 29. a6 Ra8 30. Rxd6 Re8 31. a7 Ra8 32. Rd7 Rc8 33. Rb7 Kh7 34. Rb8 Rxb8 35. axb8Q Kh6 36. g3 Kg5 37. Qd8+ Kh6 38. Qh4# 1-0